000 01556nam a2200397 i 4500
001 14816
003 KOSZ 005
005 20221024142105.0
008 191207s1971 pl a f 001 0 pol
015 _aPB 1972/1287
035 _a(OCoLC)750513175
040 _aWA N
_cWA N
_dKOSZ 005/KK
_dKOSZ 005/RW
046 _k1971
080 _a621.9
080 _a539.3/.6
100 1 _aMarciniak, Zdzisław
_d(1918-2020)
_eAutor
245 1 0 _aOdkształcenia graniczne przy tłoczeniu blach /
_cZdzisław Marciniak.
260 _aWarszawa :
_bWydawnictwa Naukowo-Techniczne,
_c1971.
300 _a231, [1] stron, 1 tablica :
_bilustracje ;
_c22 cm.
336 _aTekst
_btxt
_2rdacontent
337 _aBez urządzenia pośredniczącego
_bn
_2rdamedia
338 _aWolumin
_bnc
_2rdacarrier
380 _aKsiążki.
380 _aPublikacje fachowe
380 _aPublikacje dydaktyczne
388 _a1901-2000
504 _aBibliografia na stronach 225-[227]. Indeks.
521 8 _aKsiążka przeznaczona jest dla inżynierów mechaników zajmujących się zagadnieniami obróbki plastycznej i może byc pomocą dla studentów specjalności obróbki plastycznej wyższych szkół technicznych.
650 7 _aNaprężenia i odkształcenia
650 7 _aBlacha
650 7 _aTłocznictwo
658 _aInżynieria i technika
710 2 _aWydawnictwa Naukowo-Techniczne
_4pbl.
856 _uhttp://koha.tu.koszalin.pl/cgi-bin/koha/opac-detail.pl?biblionumber=14816
_yKatalog online BPK
942 _2UKD
_cKS
999 _c14816
_d14816